000 01156nmm a2200289 a 4500
001 ocm000782756
003 TR-IsHL
005 20201028154922.0
008 140118s2008 tu tur
007 cr cn
035 _a782756
_b(N$T)
050 0 4 _aNK1510
_b.M49 2008
090 0 4 _aNK1510
_b.M49 2008
245 1 0 _aMezuniyet kataloğu 2008, İzmir Ekonomi Üniversitesi Güzel Sanatlar ve Tasarım Fakültesi =
_bGraduation catalog 2008, Izmir University of Economics Faculty of Fine Arts and Design
_h[electronic resource] /
_ceditörler Laurie Churchman, Christopher Wilson ; çev. Laurie Churchman, Nükhet Tuncay, Christopher Wilson.
260 _aİzmir :
_bİzmir Ekonomi Üniversitesi,
_c2008
300 _a59 p.
650 4 _aGüzel Sanatlar
650 4 _aFine Arts
650 0 _aTasarım
650 0 _aDesign
650 0 _aEndüstriyel tasarım
650 0 _aIndustrial design
650 7 _aARCHITECTURE / Design, Drafting, Drawing & Presentation
_2bisacsh
700 1 _aWilson, Christopher
700 1 _aTuncay, Nükhet
856 4 0 _uhttp://search.ebscohost.com/login.aspx?direct=true&scope=site&db=e011xww&AN=782756
999 _c12820
_d12820